Cudzinecký režim

Bibliographic Details
Main Author: Balga, Jozef, 1966- (Author)
Format: Book
Language:Slovak
PhysicalDescription:52 s. 26 cm
Published: V Bratislave Akadémia Policajného zboru 1998
ISBN:8080540837
Subjects:

MARC

LEADER 00000nam a2200000 a 4500
001 vtls001355037
003 SK-MaSNL
005 20260301070445.0
008 240509s1998 xo a r y slo
015 |a SNBA1999/05-01633 
020 |a 8080540837 
035 |a SNK000308494 
035 |a urn:nbn:sk:snk-amtk08 
035 |a urn:nbn:sk:snk-am00c5ln 
035 |a 9EE95EAF-316A-4828-A7E1-16A3864CEC18 
040 |a SNK  |b slo  |c SNK  |e AACR2 
041 0 |a slo 
044 |a xo  |c SK 
080 |a 341.95(075.8)  |2 1981 
100 1 |a Balga, Jozef,  |d 1966-  |4 aut  |9 204505 
245 1 |a Cudzinecký režim  |c Jozef Balga 
260 |a V Bratislave  |b Akadémia Policajného zboru  |c 1998 
300 |a 52 s.  |c 26 cm 
500 |a 150 výt. 
504 |a Bibliogr. s. 52 
650 0 7 |a cudzinecké právo  |2 SNK  |9 995 
655 7 |a Textbooks (higher)  |2 SNKPHeng  |9 276436 
655 7 |a učebnice vysokých škôl  |2 SNKPH  |9 70191 
655 7 |a učebnice  |2 SNK  |9 22521 
752 |d Bratislava 
919 |a 80-8054-083-7 
958 |a TL 
958 |a NB 
958 |a UV 
958 |a OND 
999 |c 634413  |d 636343 
952 |t P60, <03>, [BOOK], {603}  |a SNK  |b SNK  |y PREZ  |7 0  |p 17A0181744  |o snkSB 59832  |i snkKSP 1460/99  |0 0  |1 0  |4 0  |d 1999-02-15  |f 1  |l 0  |r 2025-04-09 00:00:00  |w 2026-02-23 
952 |t P60, <04>, [BOOK], {604}  |a SNK  |b SNK  |y VYP  |7 0  |p 17A0181743  |o snkSB 59832 D1  |i snkKSP 1461/99  |0 0  |1 0  |4 0  |d 1999-02-15  |l 0  |r 2005-01-02 00:00:00  |w 2026-02-23